[Event "CYCC U14"]
[Site "Regina CAN"]
[Date "2019.07.07"]
[Round "1.109"]
[White "He, Jinglai"]
[Black "England, Max"]
[Result "0-1"]
[WhiteElo "1233"]
[BlackElo "2038"]
[PlyCount "76"]
[EventDate "2019.07.07"]
[EventType "swiss"]
[EventRounds "7"]
[EventCountry "CAN"]

1. e4 e5 2. Nf3 Nc6 3. Bb5 a6 4. Ba4 Nf6 5. O-O Be7 6. Re1 b5 7. Bb3 d6 8. c3
O-O 9. h3 Na5 10. Bc2 c5 11. d3 Qc7 12. Nbd2 Bd7 13. Nf1 Rac8 14. Be3 d5 15.
exd5 Nxd5 16. Rc1 Bf5 17. Ng3 Bg6 18. Qe2 Rfe8 19. Bb1 f5 20. Bd2 Bf6 21. Qf1
c4 22. dxc4 Nxc4 23. b3 Nxd2 24. Nxd2 Bg5 25. Red1 Nxc3 26. Bxf5 Bxf5 27. Nxf5
Qd7 28. Rxc3 Rxc3 29. Ne4 Qxd1 30. Qxd1 Rc1 31. Qxc1 Bxc1 32. Nfd6 Rd8 33. Kf1
Ba3 34. Nb7 Rd7 35. Nbc5 Bxc5 36. Nxc5 Rd1+ 37. Ke2 Ra1 38. Nxa6 Rxa2+ 0-1

[Event "CYCC U14"]
[Site "Regina CAN"]
[Date "2019.07.07"]
[Round "1.110"]
[White "Wu, Tony"]
[Black "Taylor, Joey"]
[Result "1-0"]
[WhiteElo "2013"]
[BlackElo "995"]
[PlyCount "43"]
[EventDate "2019.07.07"]
[EventType "swiss"]
[EventRounds "7"]
[EventCountry "CAN"]

1. d4 Nc6 2. Nf3 d5 3. g3 Qd6 4. Bg2 g6 5. O-O Nf6 6. c4 Bg4 7. c5 Qd7 8. Nc3
Bh3 9. Bf4 Ne4 10. Nxd5 Qxd5 11. Bxh3 Bg7 12. Bg2 Nxd4 13. Nxd4 Bxd4 14. e3
Bxb2 15. Qxd5 Rd8 16. Qxe4 Bxa1 17. Rxa1 Rd2 18. Qa4+ c6 19. Bxc6+ Kd8 20. Qa5+
b6 21. Qxd2+ Kc8 22. Qd7# 1-0

[Event "CYCC U14"]
[Site "Regina CAN"]
[Date "2019.07.07"]
[Round "1.112"]
[White "Superceanu, Andi"]
[Black "Yim, Justin"]
[Result "1/2-1/2"]
[WhiteElo "1929"]
[BlackElo "931"]
[PlyCount "51"]
[EventDate "2019.07.07"]
[EventType "swiss"]
[EventRounds "7"]
[EventCountry "CAN"]

1. e4 e6 2. d4 d5 3. e5 c5 4. c3 Nc6 5. Nf3 Nge7 6. a3 g6 7. b4 c4 8. g3 Bg7 9.
Bg2 O-O 10. O-O Bd7 11. a4 a6 12. Bd2 Nb8 13. Qc1 Nf5 14. Kh1 Bc6 15. g4 Ne7
16. Bh6 b5 17. Bxg7 Kxg7 18. a5 h6 19. Ng1 Rh8 20. Bf3 Nd7 21. Be2 f6 22. f4 g5
23. exf6+ Nxf6 24. fxg5 hxg5 25. Qxg5+ Ng6 26. Nd2 1/2-1/2

[Event "CYCC U14"]
[Site "Regina CAN"]
[Date "2019.07.07"]
[Round "1.113"]
[White "Roberts, Rajan"]
[Black "Xiang, Christopher"]
[Result "0-1"]
[WhiteElo "916"]
[BlackElo "1732"]
[PlyCount "72"]
[EventDate "2019.07.07"]
[EventType "swiss"]
[EventRounds "7"]
[EventCountry "CAN"]

1. d4 Nf6 2. Nf3 g6 3. e3 Bg7 4. c4 O-O 5. Bd3 d6 6. O-O Nbd7 7. Nc3 e5 8. d5
a5 9. b3 Nc5 10. e4 Nh5 11. Be3 f5 12. a3 Nxd3 13. Qxd3 f4 14. Bd2 g5 15. Kh1
g4 16. Ng1 Rf6 17. g3 f3 18. Bg5 Qf8 19. Bxf6 Bxf6 20. Nd1 Bg5 21. Ne3 Qh6 22.
Rfe1 Bd7 23. Rab1 Rf8 24. a4 Nxg3+ 25. fxg3 f2 26. Re2 fxg1=Q+ 27. Rxg1 Rf3 28.
Rge1 Bxe3 29. Rxe3 Rf2 30. h4 gxh3 31. R3e2 Rf6 32. Rh2 Bg4 33. Rf1 Rf3 34. Qb1
Qe3 35. Qe1 Rxf1+ 36. Qxf1 Bf3+ 0-1

[Event "CYCC U14"]
[Site "Regina CAN"]
[Date "2019.07.07"]
[Round "2.101"]
[White "Zhao, Ian"]
[Black "Noorali, Aahil"]
[Result "1-0"]
[WhiteElo "2343"]
[BlackElo "2078"]
[PlyCount "143"]
[EventDate "2019.07.07"]
[EventType "swiss"]
[EventRounds "7"]
[EventCountry "CAN"]

1. e4 e5 2. Nf3 Nc6 3. Bc4 Bc5 4. O-O d6 5. c3 Nf6 6. d3 O-O 7. h3 Bb6 8. a4 a5
9. Na3 Ne7 10. Bb3 c6 11. Bg5 Ng6 12. Nh4 Kh8 13. Nxg6+ fxg6 14. Nc4 h6 15.
Nxb6 Qxb6 16. Be3 Qc7 17. g4 g5 18. Qf3 Qe7 19. Qg3 Be6 20. Bc2 Qf7 21. f3 Ng8
22. d4 Qf6 23. Rad1 Bc4 24. Rf2 Rad8 25. b3 Be6 26. d5 Bf7 27. Bb6 Ra8 28. dxc6
Ra6 29. Bc7 Rxc6 30. Bxa5 Ne7 31. Bb4 Ng6 32. Rfd2 Rd8 33. c4 b6 34. Bd3 Nf4
35. Kh2 Ne6 36. Bc3 h5 37. Bf1 h4 38. Qf2 Nc5 39. Rb1 Bg6 40. Qe3 Rf8 41. Bg2
Bf7 42. Bb4 Rd8 43. Rbd1 Kg8 44. Bf1 Ne6 45. Bc3 Nc5 46. Bb2 Kf8 47. Ba3 Rc7
48. a5 Ra7 49. Bb4 Rad7 50. axb6 Ne6 51. Bc3 Kg8 52. Bg2 Nc5 53. Bb4 Na6 54.
Ba3 Qe6 55. b7 Nb8 56. Qb6 d5 57. Qxe6 Bxe6 58. exd5 Bf7 59. Re1 Rxb7 60. Rd3
Nd7 61. Be7 Rdb8 62. Ree3 Bg6 63. Rc3 Ra8 64. c5 Nf6 65. Bxf6 gxf6 66. c6 Rb5
67. c7 Rc8 68. d6 Rd5 69. Rc6 Be8 70. Rb6 Bd7 71. f4 gxf4 72. Bxd5+ 1-0

[Event "CYCC U14"]
[Site "Regina CAN"]
[Date "2019.07.07"]
[Round "2.102"]
[White "Windram, James"]
[Black "Issani, Nameer"]
[Result "0-1"]
[WhiteElo "2100"]
[BlackElo "2248"]
[PlyCount "62"]
[EventDate "2019.07.07"]
[EventType "swiss"]
[EventRounds "7"]
[EventCountry "CAN"]

1. e4 e5 2. Nf3 Nc6 3. Bb5 a6 4. Ba4 Nf6 5. O-O Be7 6. Re1 b5 7. Bb3 d6 8. c3
O-O 9. h3 Na5 10. Bc2 c5 11. d4 cxd4 12. cxd4 Nc6 13. a3 Nxd4 14. Nxd4 exd4 15.
Qxd4 Bb7 16. Nc3 Rc8 17. Bf4 Rc4 18. Qd3 Qc8 19. Bb3 Rc5 20. Rad1 Rd8 21. Be3
Rh5 22. Bb6 Re8 23. Rc1 Qa8 24. Rcd1 Bf8 25. f3 Nd7 26. Bd4 Nc5 27. Bxc5 dxc5
28. Bd5 c4 29. Bxb7 Qa7+ 30. Qe3 Bc5 31. Qxc5 Rxc5 0-1

[Event "CYCC U14"]
[Site "Regina CAN"]
[Date "2019.07.07"]
[Round "2.103"]
[White "Tanaka, Tyler"]
[Black "Wu, Tony"]
[Result "1/2-1/2"]
[WhiteElo "2235"]
[BlackElo "2013"]
[PlyCount "105"]
[EventDate "2019.07.07"]
[EventType "swiss"]
[EventRounds "7"]
[EventCountry "CAN"]

1. c4 Nf6 2. Nc3 e6 3. e4 d6 4. d4 Nbd7 5. Nf3 c5 6. Be2 cxd4 7. Nxd4 Be7 8.
O-O O-O 9. Be3 a6 10. Qd2 Qc7 11. Rac1 b6 12. f3 Bb7 13. a3 Rac8 14. b4 Rfd8
15. Rfd1 Qb8 16. Nb3 Ba8 17. Bf4 Nf8 18. Qe3 Nh5 19. Bg5 Bxg5 20. Qxg5 Nf6 21.
Qe3 N8d7 22. Qd4 Ne5 23. Na4 b5 24. Nb6 Rc6 25. Nxa8 Nxc4 26. Bxc4 Rxc4 27.
Rxc4 bxc4 28. Qxc4 Qxa8 29. Qc7 d5 30. e5 Ne8 31. Qb6 Rb8 32. Qe3 Nc7 33. Rc1
Nb5 34. Na5 Rc8 35. a4 d4 36. Rxc8+ Qxc8 37. Qd2 Qc3 38. Qxc3 Nxc3 39. Nb3 d3
40. Kf2 Kf8 41. Ke3 d2 42. Kxd2 Nxa4 43. Kd3 Ke7 44. Na5 Kd7 45. Nc4 f6 46.
exf6 gxf6 47. g4 e5 48. Ne3 Nb6 49. h4 Ke6 50. Ke4 Na4 51. Nd5 a5 52. h5 axb4
53. Nxb4 1/2-1/2

[Event "CYCC U14"]
[Site "Regina CAN"]
[Date "2019.07.07"]
[Round "2.104"]
[White "England, Max"]
[Black "Huang, Patrick"]
[Result "0-1"]
[WhiteElo "2038"]
[BlackElo "2234"]
[PlyCount "128"]
[EventDate "2019.07.07"]
[EventType "swiss"]
[EventRounds "7"]
[EventCountry "CAN"]

1. e4 g6 2. d4 Bg7 3. Nc3 c6 4. Nf3 d6 5. Be2 Nf6 6. Be3 O-O 7. Qd2 Nbd7 8. O-O
e5 9. Rad1 Re8 10. dxe5 dxe5 11. a3 Qe7 12. Qd6 Qxd6 13. Rxd6 Bf8 14. Rdd1 Nc5
15. Nd2 Ne6 16. Nc4 Nf4 17. Bxf4 exf4 18. e5 Nd7 19. Ne4 b5 20. Bg4 f5 21. Ned6
Re7 22. Bf3 bxc4 23. Bxc6 Rb8 24. Nxc8 Rxc8 25. Bxd7 Rb8 26. e6 Rxb2 27. Rd4
Rxc2 28. Ba4 Rb2 29. Rxc4 Rxe6 30. Rxf4 Bxa3 31. Rf3 Bc5 32. Bb3 Kf7 33. Bxe6+
Kxe6 34. Rc3 Bb6 35. Rc8 a5 36. Ra8 Ra2 37. g3 Kd5 38. Rh8 a4 39. Rxh7 a3 40.
Rd7+ Kc4 41. Rc1+ Kb5 42. Rd5+ Ka6 43. Rd6 Rb2 44. Ra1 a2 45. Kg2 Kb5 46. Rxg6
Bd4 47. Rd6 Kc5 48. Rd1 Rxf2+ 49. Kh3 Kxd6 50. Rxd4+ Kc5 51. Ra4 Kb5 52. Ra8
Kb4 53. Kh4 Rxh2+ 54. Kg5 Rf2 55. Rb8+ Kc3 56. Rc8+ Kb2 57. Rb8+ Kc1 58. Ra8
Kb1 59. Rb8+ Rb2 60. Ra8 Rb3 61. Kxf5 Rxg3 62. Rb8+ Kc2 63. Rc8+ Kb2 64. Kf4
Rb3 0-1

[Event "CYCC U14"]
[Site "Regina CAN"]
[Date "2019.07.07"]
[Round "2.105"]
[White "Wang, Paul"]
[Black "Gao, Raymond"]
[Result "0-1"]
[WhiteElo "2104"]
[BlackElo "1994"]
[PlyCount "84"]
[EventDate "2019.07.07"]
[EventType "swiss"]
[EventRounds "7"]
[EventCountry "CAN"]

1. e4 c5 2. Nf3 d6 3. d4 cxd4 4. Nxd4 Nf6 5. Nc3 a6 6. h3 g6 7. g4 Bg7 8. Bg2
O-O 9. Be3 Qc7 10. f4 Nc6 11. Qd2 Bd7 12. O-O Rac8 13. Rad1 Na5 14. e5 Ne8 15.
Nd5 Qd8 16. Nxe7+ Qxe7 17. Qxa5 dxe5 18. fxe5 Nd6 19. Qa3 Bxe5 20. Bh6 Rfe8 21.
Nf3 Bg3 22. Bg5 Qf8 23. Bh4 Bf4 24. Bf2 Bb5 25. Rfe1 Rxc2 26. Bc5 Rd8 27. Nd4
Rd2 28. Qb4 Qh6 29. Bxd6 Rxd1 30. Rxd1 Bxd6 31. Qc3 Qf4 32. b4 Qh2+ 33. Kf2 Be5
34. Qe3 Bf4 35. Qf3 Bc7 36. Nxb5 Bb6+ 37. Ke2 Qe5+ 38. Kf1 Qxb5+ 39. Ke1 Qxb4+
40. Kf1 Qc4+ 41. Ke1 Re8+ 42. Kd2 Ba5+ 0-1

[Event "CYCC U14"]
[Site "Regina CAN"]
[Date "2019.07.07"]
[Round "2.106"]
[White "Xiang, Christopher"]
[Black "Doknjas, Neil"]
[Result "0-1"]
[WhiteElo "1732"]
[BlackElo "2102"]
[PlyCount "82"]
[EventDate "2019.07.07"]
[EventType "swiss"]
[EventRounds "7"]
[EventCountry "CAN"]

1. e4 c5 2. Nf3 d6 3. d4 cxd4 4. Nxd4 Nf6 5. Nc3 a6 6. Bc4 e6 7. Bb3 b5 8. a3
Be7 9. O-O Bb7 10. Re1 Nbd7 11. Bxe6 fxe6 12. Nxe6 Qc8 13. Nxg7+ Kf7 14. Nf5
Ne5 15. Nxd6+ Bxd6 16. Qxd6 Qe6 17. Qc7+ Qe7 18. Qxe7+ Kxe7 19. Bg5 Ke6 20. f4
Nc4 21. b3 Nb6 22. Rad1 Raf8 23. Nd5 Nfxd5 24. exd5+ Kd7 25. Re7+ Kc8 26. d6
Nd7 27. Bh6 Rf5 28. Rde1 Bc6 29. c4 bxc4 30. Rc1 Rd5 31. Bg7 Rg8 32. Be5 Rd2
33. g3 Nxe5 34. fxe5 Rg2+ 35. Kf1 Rf8+ 36. Ke1 Rg1+ 37. Kd2 Rf2+ 38. Ke3 Rxc1
39. Rc7+ Kd8 40. Rxc6 Rfc2 41. b4 Re1+ 0-1

[Event "CYCC U14"]
[Site "Regina CAN"]
[Date "2019.07.07"]
[Round "2.107"]
[White "Yim, Justin"]
[Black "Chakkoli, Anirud"]
[Result "0-1"]
[WhiteElo "931"]
[BlackElo "1726"]
[PlyCount "90"]
[EventDate "2019.07.07"]
[EventType "swiss"]
[EventRounds "7"]
[EventCountry "CAN"]

1. e4 c5 2. Nf3 d6 3. d4 cxd4 4. Nxd4 Nf6 5. Nc3 a6 6. Bd3 g6 7. O-O Bg7 8. Be3
Ng4 9. Nf3 Nxe3 10. fxe3 Nc6 11. Bc4 O-O 12. h3 Bd7 13. Nd4 Rc8 14. Nxc6 Bxc6
15. Rb1 e6 16. Qd3 Be5 17. Rf3 Qh4 18. g4 b5 19. Bb3 b4 20. Ne2 Bb5 21. Qd2 a5
22. Nd4 Bxd4 23. a4 Be2 24. Qxe2 Be5 25. Qf2 Qe7 26. h4 Qb7 27. h5 Qxe4 28.
hxg6 Qxg4+ 29. Qg2 Qxg2+ 30. Kxg2 hxg6 31. Kf2 Kg7 32. Ke2 Rh8 33. Rbf1 Rc7 34.
Bc4 Rxc4 35. Rxf7+ Kh6 36. Rh1+ Kg5 37. Rg1+ Rg4 38. Rxg4+ Kxg4 39. b3 Rc8 40.
Kd2 d5 41. Rf2 g5 42. Kd3 Kg3 43. Rf7 g4 44. Re7 Rc6 45. Ra7 Bc7 0-1

[Event "CYCC U14"]
[Site "Regina CAN"]
[Date "2019.07.07"]
[Round "2.108"]
[White "Lei, Yanyu"]
[Black "Superceanu, Andi"]
[Result "0-1"]
[WhiteElo "1574"]
[BlackElo "1929"]
[PlyCount "28"]
[EventDate "2019.07.07"]
[EventType "swiss"]
[EventRounds "7"]
[EventCountry "CAN"]

1. d4 d5 2. Nf3 Nf6 3. c4 e6 4. Nc3 Be7 5. Bf4 O-O 6. Nb5 Bb4+ 7. Nd2 Ne4 8.
Bxc7 Qf6 9. Qc2 Qxf2+ 10. Kd1 Bxd2 11. Qb1 e5 12. Bxe5 Bf5 13. Qxe4 Qe1+ 14.
Kc2 Bxe4+ 0-1

[Event "CYCC U14"]
[Site "Regina CAN"]
[Date "2019.07.07"]
[Round "2.109"]
[White "Ouellette, Alex"]
[Black "Landstrom, William"]
[Result "0-1"]
[WhiteElo "1333"]
[BlackElo "1676"]
[PlyCount "142"]
[EventDate "2019.07.07"]
[EventType "swiss"]
[EventRounds "7"]
[EventCountry "CAN"]

1. e4 d6 2. d4 Nf6 3. Nc3 e5 4. dxe5 dxe5 5. Qxd8+ Kxd8 6. Nf3 Bd6 7. Bc4 Ke7
8. Bg5 Be6 9. Bxe6 fxe6 10. a3 Nbd7 11. O-O h6 12. Be3 b6 13. h3 a5 14. Nd2
Rhf8 15. Nc4 Rac8 16. Nxd6 cxd6 17. Rfd1 Rc6 18. Rac1 Rfc8 19. Rd2 Rb8 20. a4
Rc4 21. f3 Rbc8 22. Kf2 Rb4 23. Nd1 Rxa4 24. b3 Rb4 25. Nb2 Rf8 26. Ke2 Nc5 27.
Bxc5 bxc5 28. Nc4 Rd8 29. Nxa5 Rb6 30. Nc4 Ra6 31. g4 Rf8 32. Rcd1 Ne8 33. c3
h5 34. Rg1 hxg4 35. Rxg4 Rh8 36. Rg3 Ra1 37. Rd1 Ra8 38. b4 cxb4 39. cxb4 Ra4
40. Rb1 Rh7 41. Ne3 Nf6 42. b5 Nh5 43. Rgg1 Nf4+ 44. Ke1 Kd7 45. b6 Kc8 46. Nd1
Ra3 47. b7+ Kb8 48. h4 g6 49. Rh1 Rxf3 50. Nf2 Rxb7 51. Rxb7+ Kxb7 52. Ng4 Rb3
53. Rf1 Rb2 54. Rg1 Rb1+ 55. Kf2 Nh3+ 56. Ke3 Rxg1 57. Nf6 Nf4 58. Ne8 Kc6 59.
Nxd6 Re1+ 60. Kf3 Kxd6 61. h5 Nxh5 62. Kg4 Rxe4+ 63. Kg5 Rf4 64. Kxg6 e4 65.
Kxh5 e3 66. Kg5 Rf5+ 67. Kg4 e2 68. Kg3 e1=Q+ 69. Kg4 Qg1+ 70. Kh4 Rf8 71. Kh3
Rh8# 0-1

[Event "CYCC U14"]
[Site "Regina CAN"]
[Date "2019.07.07"]
[Round "2.110"]
[White "Taylor, Joey"]
[Black "Yang, Henry"]
[Result "0-1"]
[WhiteElo "995"]
[BlackElo "1560"]
[PlyCount "62"]
[EventDate "2019.07.07"]
[EventType "swiss"]
[EventRounds "7"]
[EventCountry "CAN"]

1. e4 e5 2. Nf3 Nc6 3. Bc4 Bc5 4. d3 h6 5. h4 d6 6. Ng5 hxg5 7. Bxg5 Qxg5 8.
hxg5 Rxh1+ 9. Kd2 Rxd1+ 10. Kxd1 Bxf2 11. g6 Be6 12. Ke2 Bxc4 13. dxc4 Bc5 14.
gxf7+ Kxf7 15. Nc3 Nf6 16. a3 Rh8 17. b4 Bd4 18. Kd3 Bxc3 19. Kxc3 Nxe4+ 20.
Kd3 Nf6 21. b5 e4+ 22. Ke3 Ne5 23. Kd4 Rh2 24. a4 Rxg2 25. Ra2 Rd2+ 26. Kc3 e3
27. Ra1 Nf3 28. a5 Ne4+ 29. Kb4 e2 30. b6 c5+ 31. Kb5 Nc3# 0-1

[Event "CYCC U14"]
[Site "Regina CAN"]
[Date "2019.07.07"]
[Round "2.111"]
[White "Imoo, Joshua"]
[Black "He, Jinglai"]
[Result "1-0"]
[WhiteElo "1552"]
[BlackElo "1233"]
[PlyCount "117"]
[EventDate "2019.07.07"]
[EventType "swiss"]
[EventRounds "7"]
[EventCountry "CAN"]

1. e4 c5 2. Nc3 Nc6 3. f4 g6 4. Nf3 Bg7 5. Bb5 a6 6. Bxc6 dxc6 7. d3 Nf6 8. O-O
O-O 9. Qe1 Nd7 10. f5 Ne5 11. Nxe5 Bxe5 12. Bh6 Bg7 13. Qh4 e6 14. f6 Qd4+ 15.
Kh1 Bh8 16. Bxf8 Kxf8 17. Qxh7 Bxf6 18. Qh6+ Ke7 19. Qf4 Bd7 20. Rae1 g5 21.
Qf2 Qe5 22. g4 Rh8 23. Re3 Be8 24. Rf3 Bg7 25. Qg3 Qxg3 26. Rxg3 Be5 27. Rg2 b5
28. Nd1 f6 29. c3 Bg6 30. Nf2 a5 31. Rd1 Rd8 32. h3 b4 33. cxb4 axb4 34. b3 Ra8
35. Rd2 Bf4 36. Rc2 Kd6 37. Rg1 Rh8 38. Kg2 Be3 39. Rh1 Ra8 40. Nd1 Bd4 41. Nb2
Bc3 42. Na4 Ke7 43. Nxc5 Rd8 44. Rd1 Bd4 45. Kf3 Rh8 46. Kg2 Rd8 47. Na4 Be5
48. Kf3 Rh8 49. Rh1 Rd8 50. Ke2 f5 51. exf5 exf5 52. Rxc6 Be8 53. Rc5 Bd4 54.
Rxf5 Bg6 55. Rxg5 Kf6 56. Rb5 Re8+ 57. Kd1 Bxd3 58. Rd5 Re4 59. Kd2 1-0

[Event "CYCC U14"]
[Site "Regina CAN"]
[Date "2019.07.07"]
[Round "2.113"]
[White "Qiu, Peter Yong"]
[Black "Roberts, Rajan"]
[Result "1-0"]
[WhiteElo "1421"]
[BlackElo "916"]
[PlyCount "47"]
[EventDate "2019.07.07"]
[EventType "swiss"]
[EventRounds "7"]
[EventCountry "CAN"]

1. e4 d6 2. Nf3 Nf6 3. Nc3 Nbd7 4. Bc4 c6 5. d3 b5 6. Bb3 a5 7. a4 b4 8. Ne2 e6
9. Nfd4 Be7 10. Nxc6 Qc7 11. Nxe7 Kxe7 12. Nd4 Re8 13. Qf3 Kf8 14. Nb5 Qb6 15.
Be3 Qb7 16. Nxd6 Ne5 17. Qg3 Qc7 18. Nxe8 Kxe8 19. d4 Nxe4 20. Qxe5 Qxe5 21.
dxe5 f6 22. f3 Ng5 23. Bxg5 fxg5 24. O-O-O 1-0

[Event "CYCC U14"]
[Site "Regina CAN"]
[Date "2019.07.08"]
[Round "3.101"]
[White "Doknjas, Neil"]
[Black "Zhao, Ian"]
[Result "0-1"]
[WhiteElo "2102"]
[BlackElo "2343"]
[PlyCount "36"]
[EventDate "2019.07.07"]
[EventType "swiss"]
[EventRounds "7"]
[EventCountry "CAN"]

1. e4 e5 2. Nf3 Nc6 3. d4 exd4 4. Nxd4 Nf6 5. Nxc6 bxc6 6. Bd3 d5 7. Qe2 dxe4
8. Nc3 Bb4 9. Bxe4 O-O 10. Bxc6 Rb8 11. Bf4 Qd4 12. Be5 Qc5 13. Ba4 Bd7 14.
O-O-O Bxc3 15. Bxf6 Bxf6 16. Rxd7 Rxb2 17. Bb3 Qc3 18. Bxf7+ Kh8 0-1

[Event "CYCC U14"]
[Site "Regina CAN"]
[Date "2019.07.08"]
[Round "3.102"]
[White "Gao, Raymond"]
[Black "Issani, Nameer"]
[Result "1/2-1/2"]
[WhiteElo "1994"]
[BlackElo "2248"]
[PlyCount "80"]
[EventDate "2019.07.07"]
[EventType "swiss"]
[EventRounds "7"]
[EventCountry "CAN"]

1. e4 e5 2. Nf3 Nc6 3. d4 exd4 4. Bc4 Bc5 5. c3 Nf6 6. e5 d5 7. Bb5 Ne4 8. cxd4
Bb4+ 9. Bd2 Bxd2+ 10. Nbxd2 O-O 11. O-O Ne7 12. Bd3 Bf5 13. Qc2 Nc6 14. a3 Nxd2
15. Qxd2 Be4 16. Be2 f6 17. Rad1 Qe7 18. Qe3 Rad8 19. Rfe1 Qf7 20. Nd2 Bf5 21.
f4 fxe5 22. fxe5 Qe6 23. Nb3 Ne7 24. Rc1 c6 25. Nc5 Qg6 26. Bf3 b6 27. Nb7 Rd7
28. Nd6 Be6 29. b4 Rc7 30. Rf1 Rd7 31. Be2 Nf5 32. Nxf5 Bxf5 33. Rc3 Rdf7 34.
Rf3 Be4 35. Rg3 Qf5 36. Bf3 Bxf3 37. gxf3 Qb1+ 38. Rc1 Qb2 39. Rxc6 Rf4 40. Qc3
Qxc3 1/2-1/2

[Event "CYCC U14"]
[Site "Regina CAN"]
[Date "2019.07.08"]
[Round "3.103"]
[White "Huang, Patrick"]
[Black "Chakkoli, Anirud"]
[Result "1-0"]
[WhiteElo "2234"]
[BlackElo "1726"]
[PlyCount "61"]
[EventDate "2019.07.07"]
[EventType "swiss"]
[EventRounds "7"]
[EventCountry "CAN"]

1. d4 Nf6 2. Bf4 d5 3. e3 c5 4. c3 Qb6 5. Qc2 Nc6 6. Nd2 c4 7. e4 g6 8. exd5
Bf5 9. Nxc4 Bxc2 10. Nxb6 axb6 11. dxc6 bxc6 12. Nf3 Nd5 13. Bg3 f6 14. a3 b5
15. Rc1 Bf5 16. Nd2 Nb6 17. c4 Ra4 18. d5 Bd7 19. dxc6 Bxc6 20. cxb5 Bd5 21.
Bc7 Nd7 22. Bc4 Bxg2 23. Rg1 Bb7 24. Nb3 Bh6 25. Rc3 e5 26. Na5 Be4 27. b4 Ke7
28. f3 Rc8 29. b6 Bf5 30. Nc6+ Ke8 31. Bb5 1-0

[Event "CYCC U14"]
[Site "Regina CAN"]
[Date "2019.07.08"]
[Round "3.104"]
[White "Superceanu, Andi"]
[Black "Tanaka, Tyler"]
[Result "0-1"]
[WhiteElo "1929"]
[BlackElo "2235"]
[PlyCount "70"]
[EventDate "2019.07.07"]
[EventType "swiss"]
[EventRounds "7"]
[EventCountry "CAN"]

1. e4 c5 2. Nf3 d6 3. d4 cxd4 4. Nxd4 Nf6 5. Nc3 g6 6. Be3 Bg7 7. f3 Nbd7 8.
Qd2 h5 9. O-O-O a6 10. h3 b5 11. Be2 Bb7 12. g4 Nb6 13. g5 Nfd7 14. Nd5 Nxd5
15. exd5 Nb6 16. Nc6 Qc7 17. Bd4 Bxd4 18. Qxd4 Rg8 19. f4 Nxd5 20. Bf3 Qxc6 21.
Bxd5 Qxd5 22. Qxd5 Bxd5 23. Rxd5 Rc8 24. b3 Kd7 25. Kd2 Rc5 26. Rxc5 dxc5 27.
Ke3 Kc7 28. Rd1 Rd8 29. Rxd8 Kxd8 30. Ke4 e6 31. a3 Kd7 32. Ke5 Ke7 33. c3 a5
34. h4 Kd7 35. a4 c4 0-1

[Event "CYCC U14"]
[Site "Regina CAN"]
[Date "2019.07.08"]
[Round "3.105"]
[White "Wu, Tony"]
[Black "Wang, Paul"]
[Result "1-0"]
[WhiteElo "2013"]
[BlackElo "2104"]
[PlyCount "89"]
[EventDate "2019.07.07"]
[EventType "swiss"]
[EventRounds "7"]
[EventCountry "CAN"]

1. d4 d5 2. Nf3 Nf6 3. g3 c6 4. Bg2 Bf5 5. O-O h6 6. c4 e6 7. Nc3 Nbd7 8. Nd2
Be7 9. e4 dxe4 10. Ndxe4 O-O 11. Bf4 Nxe4 12. Nxe4 Nf6 13. Nc3 Qb6 14. Na4 Qa5
15. Qb3 b5 16. cxb5 Rad8 17. bxc6 Rxd4 18. Nc3 Rb4 19. Qa3 Qb6 20. Be3 Qc7 21.
Qxa7 Qxa7 22. Bxa7 Rxb2 23. a4 Rc8 24. Rfc1 Ng4 25. Nb5 e5 26. Nc3 Bg5 27. Nd5
Bxc1 28. Ne7+ Kf8 29. Nxc8 Bxc8 30. Rxc1 Nf6 31. a5 Rb5 32. Bb6 Nd5 33. Bc5+
Ne7 34. Rd1 f6 35. Bb6 Kf7 36. Bf1 Rb2 37. Bc4+ Kg6 38. Rd7 Rb4 39. Bd3+ Kf7
40. Rxe7+ Kxe7 41. Bc5+ Kd8 42. Bxb4 Kc7 43. Bb5 g6 44. Bc5 Kb8 45. Bb6 1-0

[Event "CYCC U14"]
[Site "Regina CAN"]
[Date "2019.07.08"]
[Round "3.106"]
[White "Yang, Henry"]
[Black "Windram, James"]
[Result "0-1"]
[WhiteElo "1560"]
[BlackElo "2100"]
[PlyCount "70"]
[EventDate "2019.07.07"]
[EventType "swiss"]
[EventRounds "7"]
[EventCountry "CAN"]

1. d4 Nf6 2. c4 c5 3. d5 e6 4. Nc3 exd5 5. cxd5 d6 6. e4 g6 7. Nf3 a6 8. a4 Bg4
9. Be2 Bxf3 10. Bxf3 Bg7 11. O-O O-O 12. Bf4 Qe7 13. Qd2 Nbd7 14. Bh6 Ne5 15.
Bxg7 Kxg7 16. b3 h6 17. Be2 g5 18. f4 gxf4 19. Rxf4 Ng6 20. Raf1 Nxf4 21. Rxf4
Qe5 22. Kh1 Rh8 23. Rf5 Nxe4 24. Rxe5 Nxd2 25. Re7 Nxb3 26. Rxb7 Nd4 27. Bh5
Rhf8 28. Kg1 Rae8 29. Rd7 Re3 30. Nd1 Re5 31. Bg4 h5 32. Bf3 Nxf3+ 33. gxf3
Re1+ 34. Kf2 Rxd1 35. Rxd6 Re8 0-1

[Event "CYCC U14"]
[Site "Regina CAN"]
[Date "2019.07.08"]
[Round "3.107"]
[White "Noorali, Aahil"]
[Black "Imoo, Joshua"]
[Result "1-0"]
[WhiteElo "2078"]
[BlackElo "1552"]
[PlyCount "81"]
[EventDate "2019.07.07"]
[EventType "swiss"]
[EventRounds "7"]
[EventCountry "CAN"]

1. d4 d5 2. c4 e6 3. Nc3 Nf6 4. cxd5 exd5 5. Bg5 Be7 6. e3 O-O 7. Bd3 c6 8.
Nge2 Nbd7 9. Qc2 Re8 10. O-O Nf8 11. Rab1 a5 12. a3 Ng6 13. b4 axb4 14. axb4
Bd6 15. h3 h6 16. Bxg6 hxg5 17. Bf5 g6 18. Bxc8 Rxc8 19. g3 Qd7 20. Kg2 Qe7 21.
b5 cxb5 22. Rxb5 Bb4 23. Qb3 Bxc3 24. Nxc3 Red8 25. Rb1 Rd7 26. Rb2 Kg7 27. Na4
Rb8 28. Nc5 Rc7 29. f3 Nh5 30. g4 Qd6 31. gxh5 Rh8 32. Rb6 Rc6 33. Rxc6 bxc6
34. Qb7 Qf6 35. Qd7 Rxh5 36. Rb7 g4 37. fxg4 Rh7 38. Qe7 Qxe7 39. Rxe7 Kf6 40.
Rc7 Kg5 41. Rxc6 1-0

[Event "CYCC U14"]
[Site "Regina CAN"]
[Date "2019.07.08"]
[Round "3.108"]
[White "England, Max"]
[Black "Qiu, Andrew Yu"]
[Result "1/2-1/2"]
[WhiteElo "2038"]
[BlackElo "1454"]
[PlyCount "96"]
[EventDate "2019.07.07"]
[EventType "swiss"]
[EventRounds "7"]
[EventCountry "CAN"]

1. e4 e5 2. Nf3 Nc6 3. Bc4 Bc5 4. d3 Nf6 5. Nc3 d6 6. Be3 Bb6 7. Qd2 Be6 8. Bb3
Qe7 9. O-O-O O-O-O 10. Rhe1 h6 11. d4 Bg4 12. Nd5 Qd7 13. Nxf6 gxf6 14. Ba4 Qe7
15. d5 Bxf3 16. gxf3 Nd4 17. Bxd4 Bxd4 18. c3 Bb6 19. Rg1 Rdg8 20. Rdf1 Rg6 21.
Rg3 Qf8 22. f4 Kb8 23. Rfg1 Rhg8 24. Bd7 h5 25. fxe5 fxe5 26. Bf5 Rxg3 27. Rxg3
h4 28. Rg4 Rxg4 29. Bxg4 c6 30. f3 Bd8 31. Kc2 Kc7 32. Qd3 c5 33. Qb5 Qe7 34.
b4 a6 35. Qa4 cxb4 36. cxb4 Kb8 37. Kd3 Qc7 38. Qd7 Qxd7 39. Bxd7 Bg5 40. a4
Kc7 41. Bf5 b6 42. h3 Kd8 43. Kc4 Kc7 44. Bg4 Kd8 45. Bh5 f6 46. Bf7 Kc7 47.
Be8 Be3 48. Bc6 Bd2 1/2-1/2

[Event "CYCC U14"]
[Site "Regina CAN"]
[Date "2019.07.08"]
[Round "3.109"]
[White "Yoker, Callum"]
[Black "Xiang, Christopher"]
[Result "0-1"]
[WhiteElo "1344"]
[BlackElo "1732"]
[PlyCount "87"]
[EventDate "2019.07.07"]
[EventType "swiss"]
[EventRounds "7"]
[EventCountry "CAN"]

1. d4 Nf6 2. Nc3 g6 3. e4 d6 4. f4 Bg7 5. Nf3 O-O 6. e5 dxe5 7. fxe5 Nd5 8. Bc4
Nb6 9. Bb3 Nc6 10. Ne4 a5 11. a4 Nd5 12. O-O Bf5 13. Ng3 Bg4 14. c3 Rb8 15. h3
Bxf3 16. Qxf3 e6 17. Ne4 Qd7 18. Qg3 Nce7 19. Qf2 b6 20. g4 c5 21. Qh4 Nc6 22.
Bxd5 Qxd5 23. Nf6+ Bxf6 24. exf6 h5 25. gxh5 Qxh5 26. Qxh5 gxh5 27. Bh6 Rfd8
28. dxc5 bxc5 29. Rf2 Kh7 30. Bg7 Ne5 31. Rg2 Rd3 32. Rf1 Rxh3 33. Rg5 Nf3+ 34.
Rxf3 Rxf3 35. Rxh5+ Kg6 36. Rh2 Rd8 37. Rg2+ Kf5 38. Bh6 Rd1+ 39. Kh2 Rff1 40.
Rg5+ Kxf6 41. Rxc5 Rh1+ 42. Kg3 Rxh6 43. Rxa5 Rd5 44. Ra8 0-1